00864nam a2200205 i 4500001000300000100002300003245011900026246007700145260005500222300004100277500008100318504003600399650003200435020001500467040000800482041001100490080001800501008004100519856009800560bg1 aSTALLINGS, William10aOchrona danych w sieci i intersieci /cWilliam Stallings ; z ang. przeł. Katarzyna Kulpa, Robert Krzysztof Maron. iTyt. oryg.:aNetwork and internetwork security : principles and practice aWarszawa :bWydawnictwa Naukowo-Techniczne,c1997. a473, [1] s. :brys., wykr. ;c24 cm. aOryg. :" Network and internetwork security : principles and practice". 1994. aBibliogr. s. 463-470. - Indeks. 9aSieć komputerowaxochrona a8320421845 cBPK1 aplhen a004.7:004.056 s pl f |000 0 pol  uhttp://koha.tu.koszalin.pl/cgi-bin/koha/opac-detail.pl?biblionumber=36999yKatalog online BPK